| 000 | 00767nam a22002177a 4500 | ||
|---|---|---|---|
| 999 |
_c12527 _d12527 |
||
| 003 | AR-CdUCM | ||
| 008 | 190409b ||||| |||| 00| 0 spa d | ||
| 040 |
_aMUNICIPALIDAD PROVINCIAL DEL CUSCO _cBIBLIOTECA MUNICIPAL DEL CUSCO |
||
| 082 |
_aC / 869.56 / _bC13 |
||
| 100 |
_aCabieses Molina, Fernando, _930402 |
||
| 245 | _aNarración de una conquista / | ||
| 260 |
_aLima : _b Impr. Editora Atlántida, _c1988. |
||
| 300 |
_a296 paginas ; _bIlustraciones, _c21 cm. |
||
| 505 | _aContenido : t.2 : El engaño de Viracocha -- Visita al Cusco -- Regreso a Cajamarca -- El primer engaño... | ||
| 650 |
_aPeru _9429 |
||
| 650 |
_aIncas _9303 |
||
| 650 |
_aConquista Española _93376 |
||
| 650 |
_aIndigenas _93232 |
||
| 942 |
_2ddc _cLIBROS |
||
| 945 |
_awnts _d2019-04-09 |
||